| 000 | 00662nmm a2200265 a 4500 | ||
|---|---|---|---|
| 003 | AR-BaBNM | ||
| 005 | 20251128205121.0 | ||
| 008 | 017019s1994 ||||||||||||||000 | spa|| | ||
| 020 | _a950-14-0752-7 | ||
| 040 | _cAR-BaBNM | ||
| 100 | 1 | _aLópez, Mario Justo | |
| 245 | 1 | 0 | _aManual de derecho político |
| 250 | _a2ª ed. | ||
| 260 |
_aBuenos Aires _bDepalma _c1994 |
||
| 300 | 0 |
_a474 p. _btablas, diagr. |
|
| 650 | 4 | _aCIENCIAS POLITICAS | |
| 650 | 4 | _aDERECHOS CIVILES Y POLITICOS | |
| 650 | 4 | _aPODER POLITICO | |
| 650 | 4 | _aLIDERAZGO | |
| 650 | 4 | _aESTADO | |
| 650 | 4 | _aDEMOCRACIA | |
| 650 | 4 | _aTEORIA POLITICA | |
| 942 | _cBK | ||
| 998 | _cmariana | ||
| 999 |
_c10053 _d10053 |
||